Slovensko - dovolenka na vidieku

Bibliographic Details
Main Authors: Babinský, Miroslav (Author), Gallo, Peter (Author), Kolníková, Beáta (Author)
Other Authors: Hučko, Michal (Photographer)
Format: Book
Language:Slovak
PhysicalDescription:72 s. fareb. fotogr., mp. 30 cm
Published: Dudince Európsko-slovenské združenie agroturizmu a turizmu [2014]
ISBN:9788022412889
Subjects:

MARC

LEADER 00000cam a2200000 a 4500
001 vtls010614745
003 SK-MaSNL
005 20260426012745.0
008 240314s2014 xo ob g 000 0 slo
015 |a SNBA2015/01 
020 |a 9788022412889  |q (brož.) 
040 |a SNK  |b slo  |c SNK  |e AACR2 
041 0 |a slo 
043 |a e-xo--- 
044 |a xo  |c SK 
072 7 |a 338.3/.4  |x Hospodárske a výrobné odvetvia  |2 konspekt 
080 |a 338.48-44(1-22)  |2 2001 
080 |a 338.48-6(1-22)  |2 2001 
080 |a 338.48  |2 2001 
080 |a (437.6)  |2 2001 
080 |a (083.82)  |2 2001 
100 1 |a Babinský, Miroslav  |4 aut  |9 316736 
245 1 0 |a Slovensko - dovolenka na vidieku  |c [autori: Miroslav Babinský, Peter Gallo, Beáta Kolníková ; fotografie: Michal Hučko ... [et al.]] 
260 |a Dudince  |b Európsko-slovenské združenie agroturizmu a turizmu  |c [2014] 
300 |a 72 s.  |b fareb. fotogr., mp.  |c 30 cm 
500 |a Názov z obalu 
650 0 7 |a agroturistika  |2 SNKPH  |9 682 
650 0 7 |a vidiecky cestovný ruch  |2 SNKPH  |9 998 
650 0 7 |a cestovný ruch  |2 SNKPH  |9 999 
650 0 7 |a Agritourism  |2 SNKPHeng  |9 316735 
650 0 7 |a Rural tourism  |2 SNKPHeng  |9 316734 
650 0 7 |a Tourism  |2 SNKPHeng  |9 266335 
651 7 |a Slovensko  |2 SNKPH  |9 14231 
651 7 |a Slovakia  |2 SNKPHeng  |9 92630 
655 7 |a katalógy  |2 SNKPH  |9 60821 
655 7 |a Catalogs  |2 SNKPHeng  |9 266059 
700 1 |a Gallo, Peter  |4 aut  |9 10469 
700 1 |a Kolníková, Beáta  |4 aut  |9 523451 
700 1 |a Hučko, Michal  |4 pht  |9 709200 
852 |a Štátna vedecká knižnica v Banskej Bystrici 
919 |a 978-80-224-1288-9 
999 |c 1105039  |d 1106969 
952 |a SNK  |b SNK  |y PREZ  |7 0  |p 17A1134053  |o snkOSB 17814  |i snk2015/355  |8 0  |0 0  |1 0  |4 0  |d 2015-01-09  |l 0  |r 2026-02-24 17:43:01  |w 2026-02-24 
952 |a SNK  |b SNK  |y VYP  |7 0  |p 17A1134054  |o snkOSB 17814 D1  |i snk2015/356  |8 0  |0 0  |1 0  |4 0  |d 2015-01-09  |l 0  |r 2026-02-24 17:43:01  |w 2026-02-24